00194nam a22000857a 4500082000800000100001900008245005100027260002200078300000800100 aAUT aAutchinson B G aPrinciples of urban transport system planning  aLondonbICEc1974 a444